Tátra Halas-tó a Barátall és a Menguszfalvi csúcssal 2280 m

Bibliographic Details
Format: Postcard
Language:Hungarian
Polish
German
PhysicalDescription:1 pohľadnica kolorovaná 9 x 14 cm
Published: Teschen Feitzinger Ed. [1914?]
Subjects:

MARC

LEADER 00000nkm a2200000 a 4500
001 vtls010695115
003 SK-MaSNL
005 20260512123618.0
007 kp co
008 231214q1914 xr g 00 kuhun
015 |a SNBG 
035 |a CD9304AE-83B0-458F-9519-08CCCBBC82F2 
035 |a urn:nbn:sk:snk-kmxz31 
035 |a urn:nbn:sk:snk-km007arc 
040 |a SNK  |b slo  |c SNK  |e AACR2 
041 0 |a hun  |a pol  |a ger 
043 |a e-xo---  |a e-pl--- 
044 |a xr  |c CZ 
080 |a 551.332.56  |2 2001 
080 |a 908(437.6-191.2)  |2 2001 
080 |a (437.6-17)  |2 2001 
080 |a (438-13)  |2 2001 
080 |a (084.121)  |2 2001 
245 0 0 |a Tátra  |h grafika  |b Halas-tó a Barátall és a Menguszfalvi csúcssal 2280 m 
246 3 1 |a Tatry  |b Morskie Oko z Mnichem i Mieguszowieckim Szczytem 
246 3 1 |a Der Fischsee m d. Mönch u. d. Mengsdorferspitze 
260 |a Teschen  |b Feitzinger Ed.  |c [1914?] 
300 |a 1 pohľadnica  |b kolorovaná  |c 9 x 14 cm 
546 |a Súbežný text v pol. a nem. 
650 0 7 |a horské plesá  |2 SNKPH  |9 171908 
651 7 |a Vysoké Tatry (Poľsko a Slovensko : pohorie)  |2 SNKPH  |9 67729 
655 7 |a geografické pohľadnice  |2 SNKPH  |9 70522 
852 |a Slovenská národná knižnica 
958 |a GBN 
958 |a ONDV 
958 |a GC 
999 |c 773039  |d 774969 
952 |a SNK  |b SNK  |y PREZ  |7 0  |p 17A1163297  |o snkSP 3132  |0 0  |1 0  |4 0  |d 2015-07-27  |f 1  |l 0  |r 2026-02-24 00:40:38  |w 2026-02-24